Napĺňanie manažérskej funkcie organizovania v podmienkach obecnej samosprávy na Slovensku

Manažérska funkcia organizovania v súkromnej a verejnej správe. Základné funkcie manažmentu. Obecná samospráva a funkcia rozhodovania. Organizovanie v miestnej samospráve. Príklad organizačnej štruktúry obce.

Gespeichert in:
Bibliographische Detailangaben
1. Verfasser: Belajová, Anna
Weitere Verfasser: Gecíková, Ivana
Format: Buchkapitel
Sprache:Slowakisch
Schlagworte:
Tags: Tag hinzufügen
Keine Tags, Fügen Sie das erste Tag hinzu!

MARC

LEADER 00000naa a2200000 4500
001 0191059
005 20220718123930.4
041 0 |a slo 
044 |a SK 
245 1 0 |a Napĺňanie manažérskej funkcie organizovania v podmienkach obecnej samosprávy na Slovensku  |c Anna Belajová, Ivana Gecíková 
520 |a Manažérska funkcia organizovania v súkromnej a verejnej správe. Základné funkcie manažmentu. Obecná samospráva a funkcia rozhodovania. Organizovanie v miestnej samospráve. Príklad organizačnej štruktúry obce. 
610 2 0 |a manažéri 
610 2 0 |a správa verejná 
610 2 0 |a obce 
610 2 0 |a samospráva 
610 2 0 |a riadenie ľudských zdrojov 
610 2 0 |a zastupiteľstvá obecné 
100 1 |a Belajová, Anna 
700 1 |a Gecíková, Ivana